<?xml version="1.0" encoding="UTF-8"?>
<record
    xmlns:xsi="http://www.w3.org/2001/XMLSchema-instance"
    xsi:schemaLocation="http://www.loc.gov/MARC21/slim http://www.loc.gov/standards/marcxml/schema/MARC21slim.xsd"
    xmlns="http://www.loc.gov/MARC21/slim">

  <leader>01651nam a22003377a 4500</leader>
  <controlfield tag="001">272</controlfield>
  <controlfield tag="003">OSt</controlfield>
  <controlfield tag="005">20250528074016.0</controlfield>
  <controlfield tag="008">250313b        |||||||e |||| 00| f eng d</controlfield>
  <datafield tag="020" ind1=" " ind2=" ">
    <subfield code="a"> 9788533207356</subfield>
  </datafield>
  <datafield tag="040" ind1=" " ind2=" ">
    <subfield code="b">por</subfield>
  </datafield>
  <datafield tag="041" ind1=" " ind2=" ">
    <subfield code="h">rus</subfield>
    <subfield code="a">por</subfield>
  </datafield>
  <datafield tag="082" ind1=" " ind2=" ">
    <subfield code="a">891.73 </subfield>
    <subfield code="b">D724i</subfield>
  </datafield>
  <datafield tag="100" ind1=" " ind2=" ">
    <subfield code="a">Dostoi&#xE9;vsk, Fi&#xF3;dor Mikhailovitch</subfield>
    <subfield code="d">1821- 1881</subfield>
  </datafield>
  <datafield tag="240" ind1=" " ind2=" ">
    <subfield code="a">&#x411;&#x440;&#x430;&#x442;&#x44C;&#x44F; &#x41A;&#x430;&#x440;&#x430;&#x43C;&#x430;&#x437;&#x43E;&#x432;&#x44B;</subfield>
  </datafield>
  <datafield tag="245" ind1=" " ind2=" ">
    <subfield code="a">Os irm&#xE3;os Karam&#xE1;zovi /</subfield>
    <subfield code="c">Dostoi&#xE9;vsk, Fi&#xF3;dor Mikhailovitch ; Tradu&#xE7;&#xE3;o de Nat&#xE1;lia Nunes e Oscar Mendes</subfield>
  </datafield>
  <datafield tag="260" ind1=" " ind2=" ">
    <subfield code="a">Rio de Janeiro</subfield>
    <subfield code="b">Abril</subfield>
    <subfield code="c">1971</subfield>
  </datafield>
  <datafield tag="300" ind1=" " ind2=" ">
    <subfield code="a">534 p.</subfield>
  </datafield>
  <datafield tag="490" ind1="1" ind2=" ">
    <subfield code="a">Os imortais da Literatura Universal</subfield>
  </datafield>
  <datafield tag="520" ind1=" " ind2=" ">
    <subfield code="a">"Os irm&#xE3;os Karam&#xE1;zov" &#xE9; o &#xFA;ltimo romance de Dostoi&#xE9;vski. No fundo, ele resume toda a criatividade do escritor, trazendo &#xE0; baila as "malditas" quest&#xF5;es existenciais que o afligiram a vida inteira, com especial relevo para a flagrante degrada&#xE7;&#xE3;o moral da humanidade afastada dos ideais crist&#xE3;os. Cheia de perip&#xE9;cias, a narrativa p&#xF5;e em foco tr&#xEA;s protagonistas irm&#xE3;os, representantes dos mais diversos aspectos da realidade russa &#x2014; o libertino Dm&#xED;tri, o niilista Ivan e o sublime Aliocha &#x2014;, a fim de alumiar as profundezas insond&#xE1;veis do cora&#xE7;&#xE3;o entregue ao pecado, corrompido por d&#xFA;vidas ou transbordante de amor.</subfield>
  </datafield>
  <datafield tag="650" ind1=" " ind2="0">
    <subfield code="a">Literatura Russa</subfield>
    <subfield code="9">195</subfield>
  </datafield>
  <datafield tag="650" ind1=" " ind2="0">
    <subfield code="a">Hist&#xF3;rico</subfield>
    <subfield code="9">53</subfield>
  </datafield>
  <datafield tag="650" ind1=" " ind2="0">
    <subfield code="a">Cl&#xE1;ssicos</subfield>
    <subfield code="9">77</subfield>
  </datafield>
  <datafield tag="650" ind1=" " ind2="0">
    <subfield code="a">Religi&#xE3;o</subfield>
    <subfield code="9">100</subfield>
  </datafield>
  <datafield tag="655" ind1=" " ind2="0">
    <subfield code="a">Romance</subfield>
    <subfield code="9">23</subfield>
  </datafield>
  <datafield tag="655" ind1=" " ind2="0">
    <subfield code="a">Fic&#xE7;&#xE3;o </subfield>
    <subfield code="9">22</subfield>
  </datafield>
  <datafield tag="700" ind1=" " ind2=" ">
    <subfield code="a">Nat&#xE1;lia Nunes</subfield>
    <subfield code="e">Tradutora</subfield>
    <subfield code="9">504</subfield>
  </datafield>
  <datafield tag="700" ind1=" " ind2=" ">
    <subfield code="a">Oscar Mendes</subfield>
    <subfield code="e">Tradutor</subfield>
    <subfield code="9">187</subfield>
  </datafield>
  <datafield tag="830" ind1=" " ind2=" ">
    <subfield code="a">Os Imortais da Literatura Universal</subfield>
    <subfield code="9">461</subfield>
    <subfield code="v">vol. 01</subfield>
  </datafield>
  <datafield tag="942" ind1=" " ind2=" ">
    <subfield code="2">ddc</subfield>
    <subfield code="n">0</subfield>
    <subfield code="c">BK</subfield>
  </datafield>
  <datafield tag="952" ind1=" " ind2=" ">
    <subfield code="0">0</subfield>
    <subfield code="1">0</subfield>
    <subfield code="2">ddc</subfield>
    <subfield code="4">0</subfield>
    <subfield code="7">0</subfield>
    <subfield code="8">FIC</subfield>
    <subfield code="a">BIBIB</subfield>
    <subfield code="b">BIBIB</subfield>
    <subfield code="c">LE</subfield>
    <subfield code="d">2025-03-13</subfield>
    <subfield code="e">doa&#xE7;&#xE3;o</subfield>
    <subfield code="l">0</subfield>
    <subfield code="o">891.73 / D724i</subfield>
    <subfield code="p">2025-17227</subfield>
    <subfield code="r">2025-03-13 08:52:01</subfield>
    <subfield code="w">2025-03-13</subfield>
    <subfield code="y">BK</subfield>
  </datafield>
  <datafield tag="999" ind1=" " ind2=" ">
    <subfield code="c">272</subfield>
    <subfield code="d">272</subfield>
  </datafield>
</record>
